000 00533nam a22001937a 4500
003 KOHA_MİRAKIL
005 20250624133347.0
008 250624b tu ||||| |||| 00| 0 tur d
020 _a9786051723228
040 _aTR-AnABB
_btur
_cTR-AnABB
041 _atur
082 _a828.3352
_bLON 2021
100 _aLondon, Jack,
_d1876-1916
245 1 0 _aYanan gün /
_cJack London
260 _aİstanbul :
_bYordam Edebiyat,
_c2021
300 _a350 sayfa ;
_c21 cm
650 0 4 _aAmerikan edebiyatı, roman
942 _2ddc
_cBK
999 _c8908
_d8908
900 _bGizem YORULMAZ